Every Premier League signing in 22/23 - Statistics

General Stats
  • This quiz has been taken 48 times
  • The average score is 115 of 209
Answer Stats
Club Window Signed from Signed for (€) Player % Correct
. . Juventus Loan Arthur Melo
92%
. Winter PSV Eindhoven 42 million Cody Gakpo
92%
Liverpool Summer Benfica 85 million Darwin Núñez
92%
. Winter Benfica 121 million Enzo Fernández
92%
Arsenal Summer Manchester City 52.2 million Gabriel Jesus
92%
. Winter Brighton & Hove Albion 24 million Leandro Trossard
92%
. . Manchester City 35 million Oleksandr Zinchenko
92%
Newcastle United Summer Real Sociedad 70 million Alexander Isak
83%
Everton Summer LOSC Lille 39.87 million Amadou Onana
83%
. . Manchester United 9.5 million Andreas Pereira
83%
Manchester United Summer Ajax 95 million Antony
83%
. . AS Monaco 38 million Benoît Badiashile
83%
. . Real Madrid 70.65 million Casemiro
83%
. . Molde FK 12 million David Datro Fofana
83%
Manchester City Summer Borussia Dortmund 60 million Erling Haaland
83%
. . Porto 35 million Fábio Vieira
83%
. . Paris Saint-Germain 4 million Idrissa Gueye
83%
. . Spezia 19.5 million Jakub Kiwior
83%
. . Burnley Free James Tarkowski
83%
. . Chelsea 11.3 million Jorginho
83%
. . Leeds United 49 million Kalvin Phillips
83%
. . Ajax 57.37 million Lisandro Martínez
83%
. . Brighton & Hove Albion 65.3 million Marc Cucurella
83%
. . Shakhtar Donetsk 70 million Mykhailo Mudryk
83%
. . Manchester City 56.2 million Raheem Sterling
83%
Chelsea Summer Leicester City 80.4 million Wesley Fofana
83%
. Winter Everton 45.6 million Anthony Gordon
75%
Leeds United Summer RB Salzburg 32.84 million Brenden Aaronson
75%
. . Bayern Munich 12 million Chris Richards
75%
. . Atalanta 52 million Cristian Romero
75%
Aston Villa Summer Sevilla 31 million Diego Carlos
75%
. . Olympique Marseille 8 million Duje Ćaleta-Car
75%
. . Burnley 17 million Dwight McNeil
75%
. Winter Dynamo Kyiv 22.7 million Ilya Zabarnyi
75%
. Winter Chicago Fire 29.5 million Jhon Durán
75%
. . Atlético Madrid Loan João Félix
75%
. . Napoli 41.9 million Kalidou Koulibaly
75%
. Winter SC Freiburg Loan Kevin Schade
75%
. . Chelsea Loan Levi Colwill
75%
. . Borussia Dortmund 20 million Manuel Akanji
75%
. . Middlesbrough 11.9 million Marcus Tavernier
75%
. . New England Revolution 5.9 million Matt Turner
75%
Nottingham Forest Summer Wolverhampton Wanderers 29.5 million Morgan Gibbs-White
75%
. . Bayern Munich 8.5 million Omar Richards
75%
Tottenham Hotspur Summer Everton 58 million Richarlison
75%
. . RB Leipzig 17 million Tyler Adams
75%
. . Feyenoord 15 million Tyrell Malacia
75%
. Winter Burnley Loan Wout Weghorst
75%
. . Real Betis 13.5 million Àlex Moreno
67%
. . Chelsea 8.3 million Billy Gilmour
67%
. . Olympique Marseille Free Boubacar Kamara
67%
. . Aberdeen 4.9 million Calvin Ramsay
67%
. . Internazionale 14.86 million Cesare Casadei
67%
. . Brentford Free Christian Eriksen
67%
. . Newcastle United Loan Chris Wood
67%
. . Barcelona Loan Clément Lenglet
67%
. . Wolverhampton Wanderers Loan Conor Coady
67%
. Winter Aston Villa 12 million Danny Ings
67%
. . Juventus Loan Denis Zakaria
67%
. . Manchester United 10.4 million James Garner
67%
Fulham Summer Sporting CP 24.9 million João Palhinha
67%
. . Club Libertad Asunción 11.6 million Julio Enciso
67%
Brentford Summer Hull City 19 million Keane Lewis-Potter
67%
. . Olympique Lyon 30 million Malo Gusto
67%
. . Bayern Munich Loan Marcel Sabitzer
67%
Bournemouth Summer Feyenoord 15 million Marcos Senesi
67%
. . São Paulo 3.5 million Marquinhos
67%
. . Newcastle United Loan Martin Dúbravka
67%
. . Aston Villa 17.5 million Matt Targett
67%
. . Burnley 24.3 million Nathan Collins
67%
. . Brighton & Hove Albion 11.8 million Neal Maupay
67%
. . Liverpool 20 million Neco Williams
67%
. . Barcelona Free Neto
67%
. . PSV Eindhoven 35 million Noni Madueke
67%
Brighton & Hove Albion Summer Villareal 17.8 million Pervis Estupiñán
67%
. . FC Zürich 4.5 million Wilfried Gnonto
67%
. . Corinthians Free Willian
67%
. . Brighton & Hove Albion 29.2 million Yves Bissouma
67%
. . Arsenal Loan Albert Sambi Lokonga
58%
. . Bristol City 10.25 million Antoine Semenyo
58%
. . Villareal Loan Arnaut Danjuma
58%
. . Burnley Free Ben Mee
58%
. . Aston Villa 18 million Carney Chukwuemeka
58%
Crystal Palace Summer RC Lens 22.6 million Cheick Doucouré
58%
. Winter Palmeiras 20 million Danilo
58%
. . Leeds United Loan Dan James
58%
. . Udinese 18 million Destiny Udogie
58%
. . Chelsea 15.4 million Emerson
58%
. . Fulham 9.4 million Fábio Carvalho
58%
. . Southampton Free Fraser Forster
58%
. . Chicago Fire 9.09 million Gabriel Slonina
58%
. Winter TSG Hoffenheim 40.5 million Georginio Rutter
58%
. . West Ham United 17.8 million Issa Diop
58%
. . Crystal Palace Loan Jack Butland
58%
. . Wolverhampton Wanderers 15 million Leander Dendoncker
58%
West Ham United Summer Olympique Lyon 42.95 million Lucas Paquetá
58%
. . Feyenoord 25 million Luis Sinisterra
58%
. . Shakhtar Donetsk Loan Manor Solomon
58%
. . Atlético Madrid Loan Matheus Cunha
58%
. . Burnley 11.5 million Nick Pope
58%
. . Paris Saint-Germain 5 million Pablo Sarabia
58%
. . Barcelona 20 million Philippe Coutinho
58%
. . Barcelona 12 million Pierre-Emerick Aubameyang
58%
. . RSC Anderlecht 15 million Sergio Gómez
58%
. . Arminia Bielefeld Free Stefan Ortega
58%
. . LOSC Lille 37 million Sven Botman
58%
. . Union Berlin 20.5 million Taiwo Awoniyi
58%
. . Olympique Lyon Loan Tetê
58%
. . Paris Saint-Germain 12 million Thilo Kehrer
58%
. . Bologna 14.25 million Aaron Hickey
50%
. . Arsenal 3.6 million Bernd Leno
50%
. . FC Metz Loan Boubacar Traoré
50%
. . Manchester United Loan Dean Henderson
50%
. . Middlesbrough 14.7 million Djed Spence
50%
. . Watford 14.8 million Emmanuel Dennis
50%
. Winter Rosario Central 6 million Facundo Buonanotte
50%
. . Manchester City 14 million Gavin Bazunu
50%
. . Sassuolo 38.6 million Gianluca Scamacca
50%
. . Valencia 32.6 million Gonçalo Guedes
50%
. . Sassuolo Loan Hamed Traorè
50%
. . Huddersfield Town 2.4 million Harry Toffolo
50%
. . Internazionale Free Ivan Perišić
50%
. . Manchester United Free Jesse Lingard
50%
. Winter Flamengo 18.7 million João Gomes
50%
. . Newcastle United 6.5 million Jonjo Shelvey
50%
. . Paris Saint-German Loan Keylor Navas
50%
Wolverhampton Wanderers Summer Sporting CP 47.4 million Matheus Nunes
50%
. . Roma Loan Matías Viña
50%
. . Burnley 20.7 million Maxwel Cornet
50%
. . Sampdoria 15 million Mikkel Damsgaard
50%
. Winter Sporting CP Loan Pedro Porro
50%
. . Atlético Madrid Loan Renan Lodi
50%
. . West Ham United Free Ryan Fredericks
50%
. . Nordsjælland 8 million Simon Adingra
50%
. . Juventus Loan Weston McKennie
50%
. . Wolverhampton Wanderers 2.6 million Willy Boly
50%
. . AIK 4 million Yasin Ayari
50%
. . Arsenal Loan Ainsley Maitland-Niles
42%
. . Paris Saint-Germain 9.3 million Alphonse Areola
42%
. . Al-Sadd Free André Ayew
42%
. . VfL Bochum 12 million Armel Bella-Kotchap
42%
. . Racing Club 13.65 million Carlos Alcaraz
42%
. . Benfica 5 million Carlos Vinícius
42%
. . Arsenal Loan Cédric Soares
42%
. . Manchester City 5.8 million Darko Gyabi
42%
. . West Ham United 3.4 million Harrison Ashby
42%
. . Southampton Loan Jan Bednarek
42%
. . VfL Wolfsburg 5.5 million Kevin Mbabu
42%
. . Paris Saint-Germain Loan Layvin Kurzawa
42%
. . Sevilla Loan Ludwig Augustinsson
42%
. . Stade Rennais 35 million Nayef Aguerd
42%
. . KRC Genk 18 million Paul Onuachu
42%
. . RB Salzburg 13 million Rasmus Kristensen
42%
. . Roma 3.5 million Robin Olsen
42%
Southampton Summer Manchester City 22.26 million Roméo Lavia
42%
. . Sporting CP Loan Ruben Vinagre
42%
. . West Bromwich Albion Free Sam Johnstone
42%
. . Brighton & Hove Albion Free | Loan Shane Duffy
42%
. . Lazio Free Thomas Strakosha
42%
. . FC Copenhagen 14 million Victor Kristiansen
42%
Leicester City Summer Stade Reims 17 million Wout Faes
42%
. . Vasco da Gama 12.5 million Andrey Santos
33%
. . Crystal Palace Free Cheikhou Kouyaté
33%
. . West Ham United 3.75 million Craig Dawson
33%
. . FC Lorient 22.5 million Dango Ouattara
33%
. . West Ham United Free Darren Randolph
33%
. . Without club Free Diego Costa
33%
. . Atlético Madrid 2.3 million Felipe
33%
. Winter Stoke City 17 million Harry Souttar
33%
. . Blackburn Rovers Free Jack Rothwell
33%
. . Luton Town 850k James Bree
33%
. . Rangers 7.1 million Joe Aribo
33%
. Winter Stade Rennais 25 million Kamaldeen Sulemana
33%
. . Huddersfield Town 9.4 million Lewis O'Brien
33%
. . Without club Free Loris Karius
33%
. . Derby County Free Malcolm Ebiowei
33%
. . Bayern Munich 12 million Marc Roca
33%
. . OGC Nice 11 million Mario Lemina
33%
. . RB Salzburg 12 million Maximilian Wöber
33%
. Winter Vélez Sarsfield 11 million Máximo Perrone
33%
. . Dinamo Zagreb 5.75 million Mislav Oršić
33%
. . Mainz 05 13.8 million Moussa Niakhaté
33%
. Winter VfB Stuttgart 12 million Naouirou Ahamada
33%
. . VfB Stuttgart 13 million Orel Mangala
33%
. . Atalanta 8.3 million Remo Freuler
33%
. Winter Torino 9.8 million Saša Lukić
33%
. . Burnley Free Wayne Hennessey
33%
. . Cardiff City Free Alex Smithies
25%
. . LD Alajuelense 950k Brandon Aguilera
25%
. . Bristol City 57k Daniel Bentley
25%
. . Without club Free Eldin Jakupović
25%
. . Swansea City 10.65 million Flynn Downes
25%
. . ESTAC Troyes 10 million Giulian Biancone
25%
. . Palmeiras Free Gustavo Scarpa
25%
. . RB Leipzig 16.7 million Hee-chan Hwang
25%
. . Southampton Loan Jack Stephens
25%
. . Real Betis Free Joel Robles
25%
. . Blackpool 2.3 million Josh Bowler
25%
. . Stade Rennais Loan Loïc Badé
25%
. . Altay SK Free Mateusz Lis
25%
. . Manchester City 8 million Samuel Edozie
25%
. . Girondins Bordeaux 11.5 million Sékou Mara
25%
. . Girondins Bordeaux 4 million Ui-jo Hwang
25%
. . Manchester City 7 million Juan Larios
17%
. . VfB Stuttgart 18 million Saša Kalajdžić
17%
. . Without club Free Serge Aurier
17%
. . West Ham United Free Sonny Perkins
17%
. . FK Sarajevo Free Adnan Kanurić
8%
No matching quizzes found
Score Distribution
Percent of People with Each Score
Percentile by Number Answered
Your Score History
You have not taken this quiz